Studie o možnostech využití matematicko-statistických metod při finančních analýzach a prognózach

Guardado en:
Detalles Bibliográficos
Autor principal: Hladík, Jiří
Otros Autores: Žváček, Jiří
Formato: Libro
Lenguaje:checo
Publicado: Praha Výzkumný ústav finanční a úvěrové soustavy 1980
Etiquetas: Agregar Etiqueta
Sin Etiquetas, Sea el primero en etiquetar este registro!

MARC

LEADER 00000nam a2200000 4500
001 c141919
005 20210819123643.9
041 0 |a cze 
044 |a CZ 
245 1 0 |a Studie o možnostech využití matematicko-statistických metod při finančních analýzach a prognózach  |c Jiří Hladík, Jiří Žváček 
264 1 |a Praha  |b Výzkumný ústav finanční a úvěrové soustavy  |c 1980 
300 |a 39 s. 
100 1 |a Hladík, Jiří 
700 1 |a Žváček, Jiří